| 000 | 00894nam a22002417a 4500 | ||
|---|---|---|---|
| 999 |
_c8883 _d8883 |
||
| 003 | AR-CdUCM | ||
| 008 | 190326b ||||| |||| 00| 0 spa d | ||
| 020 | _a84-493-0323-0 | ||
| 040 |
_aMUNICIPALIDAD PROVINCIAL DEL CUSCO _cBIBLIOTECA MUNICIPAL DEL CUSCO |
||
| 082 |
_a190 / _bSA251 |
||
| 100 |
_aSartre, Jean Paul _9911 |
||
| 245 | _aVerdad y existencia / | ||
| 260 |
_aEspaña : _bEdiciones Paidós, _c1996. |
||
| 300 |
_a166 páginas ; _c19 cm. |
||
| 440 |
_aPensamiento contemporáneo _n46 _924695 |
||
| 505 | _aContenido: Verdad y existencia en la obra filosófica de Jean-Paul Sartre -- Los pseudópodos de verdad y existencia -- La radicalización ontológica de ¡sapere aude!... | ||
| 650 |
_aObra filosófica _924696 |
||
| 650 |
_aCiencias sociales _91096 |
||
| 650 |
_aSartre _924697 |
||
| 700 |
_aAmorós, Celia (Introducción) _924698 |
||
| 942 |
_2ddc _cLIBROS |
||
| 945 | _adavv | ||